[Event "First Saturday 2008 augusztus IM-A"]
[Site "Budapest"]
[Date "2008.08.02"]
[Round "1"]
[White "Szeberenyi, Adam"]
[Black "Hujbert, Florian"]
[Result "1/2-1/2"]
[WhiteElo "2318"]
[BlackElo "2258"]
[PlyCount "24"]
[EventDate "2008.08.02"]

1. d4 Nf6 2. Nf3 d6 3. c4 c6 4. e3 g6 5. Nc3 Bg7 6. Bd3 O-O 7. O-O Bg4 8. h3
Bxf3 9. Qxf3 e6 10. Rd1 Nbd7 11. e4 e5 12. Be3 c5 1/2-1/2

[Event "First Saturday 2008 augusztus IM-A"]
[Site "Budapest"]
[Date "2008.08.02"]
[Round "1"]
[White "Torma, Robert"]
[Black "Adams, Nick A"]
[Result "1-0"]
[WhiteElo "2347"]
[BlackElo "2222"]
[PlyCount "67"]
[EventDate "2008.08.02"]

1. e4 e5 2. Nf3 Nc6 3. d4 exd4 4. Nxd4 g6 5. Nc3 Bg7 6. Be3 Nf6 7. Qd2 O-O 8.
O-O-O Re8 9. f3 d6 10. g4 Nxd4 11. Bxd4 Be6 12. h4 h5 13. g5 Nd7 14. Bxg7 Kxg7
15. Bb5 Kg8 16. f4 Bg4 17. Bxd7 Qxd7 18. Nd5 Qa4 19. Qd4 Qxa2 20. Nf6+ Kf8 21.
Nxe8 Rxe8 22. Rde1 Kg8 23. b3 b5 24. f5 c5 25. Qf6 Re5 26. Qxd6 Qa1+ 27. Kd2
Qa5+ 28. c3 Qa2+ 29. Ke3 Re8 30. fxg6 f5 31. gxf6 Rxe4+ 32. Kxe4 Qg2+ 33. Ke3
Qf3+ 34. Kd2 1-0

[Event "First Saturday 2008 augusztus IM-A"]
[Site "Budapest"]
[Date "2008.08.02"]
[Round "1"]
[White "Szalanczy, Emil"]
[Black "Miltner, Arndt"]
[Result "0-1"]
[WhiteElo "2388"]
[BlackElo "2354"]
[PlyCount "141"]
[EventDate "2008.08.02"]

1. e4 c5 2. Nf3 Nf6 3. e5 Nd5 4. Nc3 Nxc3 5. bxc3 d6 6. d4 e6 7. Bd3 Nc6 8. O-O
Be7 9. Qe2 dxe5 10. dxe5 Qc7 11. Bf4 Bd7 12. Nd2 Na5 13. c4 Bc6 14. Ne4 Bxe4
15. Qxe4 Rd8 16. Be3 Nc6 17. f4 g6 18. Rab1 b6 19. c3 h5 20. g3 Na5 21. Bf2 Qc6
22. Qe2 Qa4 23. Rbd1 Kf8 24. Rd2 Nxc4 25. Rdd1 Na3 26. c4 Kg7 27. Rc1 Rd7 28.
Be4 Rhd8 29. Be3 Qb4 30. f5 exf5 31. Rxf5 gxf5 32. Bxf5 Rd2 33. Qxh5 Rh8 34.
Qg4+ Kf8 35. Rf1 Rhxh2 36. Be4 Qxc4 37. Qc8+ Bd8 38. Qf5 Bg5 39. Bxd2 Rxd2 40.
e6 f6 41. Qh7 Qxe6 42. Bg2 Nc4 43. Qh8+ Ke7 44. Qh7+ Kd8 45. Qb7 Be3+ 46. Kh1
Qd7 47. Qa8+ Ke7 48. Qh8 Bg5 49. Re1+ Ne3 50. Qh7+ Kd8 51. Qg8+ Qe8 52. Qh7 Rd7
53. Qh3 Qg8 54. Be4 Qc4 55. Qh8+ Kc7 56. Qa8 Qxa2 57. Qb7+ Kd8 58. Qb8+ Ke7 59.
Bc6 Qd2 60. Rg1 Qd6 61. Qc8 Rd8 62. Qb7+ Ke6 63. Re1 Rb8 64. Bd7+ Qxd7 65.
Rxe3+ Bxe3 66. Qxb8 Qd1+ 67. Kg2 Qe2+ 68. Kh3 Qf1+ 69. Kh2 Qg1+ 70. Kh3 Qh1+
71. Kg4 0-1

[Event "First Saturday 2008 augusztus IM-A"]
[Site "Budapest"]
[Date "2008.08.03"]
[Round "2"]
[White "Adams, Nick A"]
[Black "Szalanczy, Emil"]
[Result "1/2-1/2"]
[WhiteElo "2222"]
[BlackElo "2388"]
[PlyCount "78"]
[EventDate "2008.08.02"]

1. d4 c5 2. d5 e6 3. c4 exd5 4. cxd5 d6 5. Nc3 g6 6. e4 Bg7 7. Bd3 Nh6 8. h3
O-O 9. Nf3 f5 10. O-O f4 11. Re1 Nd7 12. g3 Ne5 13. gxf4 Nxf3+ 14. Qxf3 Qh4 15.
Kg2 Be5 16. Qg3 Rxf4 17. Bxf4 Qxf4 18. Qxf4 Bxf4 19. Rab1 Nf7 20. Ne2 g5 21.
Nxf4 gxf4 22. Rg1 Ne5 23. Be2 Kf7 24. Kh2 Bd7 25. Rg5 h6 26. Rxe5 dxe5 27. Rg1
Rg8 28. Bh5+ Kf8 29. Bg4 Bxg4 30. hxg4 Ke7 31. f3 Kd6 32. Kg2 c4 33. Rh1 Rg6
34. Rh5 b5 35. Kf2 b4 36. Ke2 Kc5 37. Rxe5 Ra6 38. a3 bxa3 39. bxa3 Rxa3
1/2-1/2

[Event "First Saturday 2008 augusztus IM-A"]
[Site "Budapest"]
[Date "2008.08.03"]
[Round "2"]
[White "Beck, Frederik"]
[Black "Torma, Robert"]
[Result "1/2-1/2"]
[WhiteElo "2335"]
[BlackElo "2347"]
[PlyCount "45"]
[EventDate "2008.08.02"]

1. e4 c5 2. Nf3 d6 3. d4 Nf6 4. Nc3 cxd4 5. Nxd4 g6 6. Be3 Bg7 7. f3 O-O 8. Qd2
Nc6 9. O-O-O d5 10. exd5 Nxd5 11. Nxc6 bxc6 12. Bd4 Bxd4 13. Qxd4 Qb6 14. Nxd5
cxd5 15. Qxb6 axb6 16. a3 Rd8 17. Bb5 Bf5 18. Rhe1 Rac8 19. c3 Rc5 20. a4 Kf8
21. g4 Bd7 22. Bxd7 Rxd7 23. Rd4 1/2-1/2

[Event "First Saturday 2008 augusztus IM-A"]
[Site "Budapest"]
[Date "2008.08.04"]
[Round "3"]
[White "Torma, Robert"]
[Black "Hujbert, Florian"]
[Result "1/2-1/2"]
[WhiteElo "2347"]
[BlackElo "2258"]
[PlyCount "70"]
[EventDate "2008.08.02"]

1. e4 c5 2. c3 e6 3. d4 d5 4. exd5 exd5 5. Be3 c4 6. b3 cxb3 7. axb3 Nf6 8. h3
Be7 9. Bd3 O-O 10. Qf3 Be6 11. Ne2 Qd7 12. Nd2 Nc6 13. O-O Rad8 14. Nf4 Bf5 15.
Rfe1 Rfe8 16. g4 Bxd3 17. Nxd3 Ne4 18. Ne5 Nxe5 19. dxe5 Nxc3 20. Bxa7 Nb5 21.
Bb6 Rc8 22. Qf4 Rc6 23. Bd4 Nxd4 24. Qxd4 Bc5 25. Qf4 Qc7 26. Nf3 h6 27. Rad1
Qb6 28. Nd4 Bxd4 29. Qxd4 Qxb3 30. Re3 Qb5 31. Qxd5 Rc5 32. Qd7 Qxd7 33. Rxd7
Rcxe5 34. Rxe5 Rxe5 35. Rxb7 g6 1/2-1/2

[Event "First Saturday 2008 augusztus IM-A"]
[Site "Budapest"]
[Date "2008.08.04"]
[Round "3"]
[White "Lorand, Norbert"]
[Black "Miltner, Arndt"]
[Result "1/2-1/2"]
[WhiteElo "2273"]
[BlackElo "2354"]
[PlyCount "59"]
[EventDate "2008.08.02"]

1. e4 c5 2. Nf3 Nf6 3. e5 Nd5 4. Nc3 Nxc3 5. dxc3 Nc6 6. Bf4 h6 7. h4 d5 8.
exd6 exd6 9. Qd2 Be6 10. c4 Qb6 11. c3 O-O-O 12. Be2 Be7 13. O-O d5 14. cxd5
Bxd5 15. Qc2 Bd6 16. Bxd6 Rxd6 17. Rad1 Rhd8 18. b3 R8d7 19. Qh7 Qd8 20. Qc2
Kb8 21. c4 Be6 22. Rxd6 Rxd6 23. Qe4 Qf6 24. Qe3 Nd4 25. Nxd4 Rxd4 26. g3 Kc7
27. Bf3 g5 28. hxg5 hxg5 29. Re1 g4 30. Bg2 1/2-1/2

[Event "First Saturday 2008 augusztus IM-A"]
[Site "Budapest"]
[Date "2008.08.05"]
[Round "4"]
[White "Adams, Nick A"]
[Black "Lorand, Norbert"]
[Result "1/2-1/2"]
[WhiteElo "2222"]
[BlackElo "2273"]
[PlyCount "78"]
[EventDate "2008.08.02"]

1. d4 Nf6 2. c4 g6 3. Nc3 Bg7 4. e4 d6 5. f3 O-O 6. Nge2 c5 7. d5 e6 8. Ng3
exd5 9. cxd5 h5 10. Bg5 Nbd7 11. Qd2 a6 12. a4 Qa5 13. Ra3 Re8 14. Be2 Nh7 15.
Bh6 Bf6 16. Nf1 Ne5 17. Ne3 Bh4+ 18. g3 Bf6 19. O-O Bh3 20. Rf2 Bd7 21. f4 Ng4
22. Bxg4 hxg4 23. Nc4 Qc7 24. e5 dxe5 25. Ne4 Bf5 26. d6 Qd8 27. Nxf6+ Nxf6 28.
fxe5 Ne4 29. Qf4 f6 30. Rf1 fxe5 31. Qe3 b5 32. axb5 axb5 33. Rxa8 Qxa8 34. d7
Rd8 35. Nxe5 Qd5 36. Qf4 Qd4+ 37. Kh1 Qd5 38. Kg1 Qd4+ 39. Kh1 Qd5 1/2-1/2

[Event "First Saturday 2008 augusztus IM-A"]
[Site "Budapest"]
[Date "2008.08.05"]
[Round "4"]
[White "Beck, Frederik"]
[Black "Werner, Dimo"]
[Result "1/2-1/2"]
[WhiteElo "2335"]
[BlackElo "2329"]
[PlyCount "39"]
[EventDate "2008.08.02"]

1. e4 e6 2. d4 d5 3. Nc3 Nf6 4. Bg5 dxe4 5. Nxe4 Nbd7 6. Nf3 h6 7. Nxf6+ Nxf6
8. Bh4 c5 9. Bb5+ Bd7 10. Bxd7+ Qxd7 11. Qe2 cxd4 12. O-O-O Bc5 13. Bxf6 gxf6
14. Nxd4 O-O-O 15. Nb3 Qc6 16. f3 Bb6 17. Kb1 h5 18. Rd2 Qc7 19. h4 Qf4 20.
Rxd8+ 1/2-1/2

[Event "First Saturday 2008 augusztus IM-A"]
[Site "Budapest"]
[Date "2008.08.05"]
[Round "4"]
[White "Hujbert, Florian"]
[Black "Szalanczy, Emil"]
[Result "1/2-1/2"]
[WhiteElo "2258"]
[BlackElo "2388"]
[PlyCount "96"]
[EventDate "2008.08.02"]

1. d4 c5 2. d5 e6 3. e4 d6 4. Nc3 exd5 5. exd5 Nf6 6. Nf3 Be7 7. h3 O-O 8. Be2
Na6 9. O-O h6 10. Re1 Re8 11. Bf4 Bf8 12. Qd2 Bf5 13. Bd3 Bxd3 14. Qxd3 Nb4 15.
Qd2 Qd7 16. a3 Na6 17. Qd3 Nc7 18. Nd2 b5 19. Nde4 Nxe4 20. Nxe4 f5 21. Nd2 g5
22. Bh2 c4 23. Qf3 Qf7 24. g4 Qxd5 25. Qxd5+ Nxd5 26. gxf5 c3 27. bxc3 Nxc3 28.
Nf3 Bg7 29. Kg2 Rf8 30. Bxd6 Rxf5 31. Re6 a5 32. Rae1 Ra6 33. Re8+ Kh7 34. Be5
Nd5 35. Nd4 Rf7 36. Nxb5 Bxe5 37. R1xe5 Nf4+ 38. Kh2 Ng6 39. Re2 Raf6 40. Ra8
Rxf2+ 41. Rxf2 Rxf2+ 42. Kg3 Rxc2 43. Ra7+ Kg8 44. Rxa5 h5 45. Nd4 Rc3+ 46. Kf2
Kg7 47. Rxg5 Rxa3 48. Rxh5 Kf6 1/2-1/2

[Event "First Saturday 2008 augusztus IM-A"]
[Site "Budapest"]
[Date "2008.08.05"]
[Round "4"]
[White "Humphrey, Jonathan"]
[Black "Torma, Robert"]
[Result "1/2-1/2"]
[WhiteElo "2289"]
[BlackElo "2347"]
[PlyCount "65"]
[EventDate "2008.08.02"]

1. e4 c5 2. Nf3 d6 3. d4 Nf6 4. Nc3 cxd4 5. Nxd4 g6 6. Be3 Bg7 7. f3 O-O 8. Qd2
Nc6 9. O-O-O d5 10. exd5 Nxd5 11. Nxc6 bxc6 12. Bd4 Bxd4 13. Qxd4 Qb6 14. Na4
Qa5 15. b3 Bf5 16. Qc5 Qxc5 17. Nxc5 Ne3 18. Rd2 Rfd8 19. Ba6 Rxd2 20. Kxd2
Nxg2 21. c4 Rd8+ 22. Kc3 Nh4 23. Rf1 Bh3 24. Rf2 Bg2 25. f4 f6 26. Bb7 e5 27.
fxe5 fxe5 28. Re2 Re8 29. Ne4 Re6 30. b4 Bf3 31. Re3 Bg2 32. Re2 Bf3 33. Re3
1/2-1/2

[Event "First Saturday 2008 augusztus IM-A"]
[Site "Budapest"]
[Date "2008.08.06"]
[Round "5"]
[White "Szalanczy, Emil"]
[Black "Humphrey, Jonathan"]
[Result "0-1"]
[WhiteElo "2388"]
[BlackElo "2289"]
[PlyCount "120"]
[EventDate "2008.08.02"]

1. e4 c5 2. Nf3 Nc6 3. d4 cxd4 4. Nxd4 Nf6 5. Nc3 e5 6. Ndb5 d6 7. Be3 a6 8.
Na3 b5 9. Nd5 Rb8 10. f3 Be7 11. c3 O-O 12. Nc2 Be6 13. Be2 Qd7 14. O-O Bd8 15.
b3 Bxd5 16. exd5 Ne7 17. c4 bxc4 18. bxc4 Nf5 19. Bf2 Bb6 20. Bd3 Bxf2+ 21.
Rxf2 Ne7 22. Qc1 Qa7 23. Qe3 Qxe3 24. Nxe3 Nd7 25. g4 Nc5 26. Bc2 Ng6 27. Nf5
Rfd8 28. Rb1 Rxb1+ 29. Bxb1 Rb8 30. Rf1 Rb6 31. Be4 Kf8 32. Rb1 Rxb1+ 33. Bxb1
Nb7 34. h4 Nf4 35. Kf2 g6 36. Ne3 Ke7 37. g5 Nc5 38. Ke1 f6 39. gxf6+ Kxf6 40.
Ng4+ Kg7 41. Kf2 h5 42. Ne3 Kf6 43. Be4 Na4 44. a3 Nc3 45. Bc2 Nce2 46. c5 dxc5
47. Bd3 Nxd3+ 48. Kxe2 Nf4+ 49. Kd2 g5 50. hxg5+ Kxg5 51. d6 Kf6 52. Nc4 Ng6
53. Ke3 Ke6 54. Kf2 Nf8 55. Kg3 Kd5 56. Ne3+ Kd4 57. Nd1 c4 58. Kh4 c3 59. Nxc3
Kxc3 60. Kxh5 Kd4 0-1

[Event "First Saturday 2008 augusztus IM-A"]
[Site "Budapest"]
[Date "2008.08.06"]
[Round "5"]
[White "Werner, Dimo"]
[Black "Hujbert, Florian"]
[Result "0-1"]
[WhiteElo "2329"]
[BlackElo "2258"]
[PlyCount "92"]
[EventDate "2008.08.02"]

1. e4 c5 2. Nf3 e6 3. d4 cxd4 4. Nxd4 Nf6 5. Nc3 Nc6 6. Ndb5 d6 7. Bf4 e5 8.
Bg5 a6 9. Na3 b5 10. Nd5 Be7 11. Bxf6 Bxf6 12. c4 b4 13. Nc2 a5 14. Qf3 Bg5 15.
h4 Bxh4 16. g3 Bg5 17. Bh3 Be6 18. Bxe6 fxe6 19. Qh5+ g6 20. Qxg6+ hxg6 21.
Rxh8+ Kd7 22. Rxd8+ Bxd8 23. Nde3 Bb6 24. Kf1 a4 25. Kg2 Bd4 26. Rh1 Bxb2 27.
Rh7+ Kc8 28. c5 b3 29. axb3 axb3 30. cxd6 bxc2 31. Rc7+ Kd8 32. Nxc2 Ra6 33.
Rg7 Bd4 34. Ne3 Bxe3 35. fxe3 Ra2+ 36. Kf3 Rd2 37. Kg4 Rxd6 38. Kg5 Rd7 39.
Kxg6 Rxg7+ 40. Kxg7 Ke7 41. g4 Nd8 42. g5 Nf7 43. g6 Nd6 44. Kh6 Nxe4 45. g7
Nf6 46. Kg5 Ng8 0-1

[Event "First Saturday 2008 augusztus IM-A"]
[Site "Budapest"]
[Date "2008.08.07"]
[Round "6"]
[White "Hujbert, Florian"]
[Black "Lorand, Norbert"]
[Result "0-1"]
[WhiteElo "2258"]
[BlackElo "2273"]
[PlyCount "56"]
[EventDate "2008.08.02"]

1. Nf3 d5 2. d4 e6 3. Bf4 Bd6 4. Bg3 Nf6 5. e3 O-O 6. Bd3 c5 7. c3 Nc6 8. Nbd2
h6 9. Ne5 Qc7 10. f4 Qb6 11. Rb1 Nd7 12. Qh5 f5 13. Nxd7 Bxd7 14. Qe2 a5 15.
O-O a4 16. Bh4 Qa5 17. g4 a3 18. gxf5 exf5 19. Qg2 Be6 20. Qg6 Rae8 21. e4 Nxd4
22. exd5 Bxf4 23. Rxf4 Bxd5 24. Rxd4 cxd4 25. Bf6 Rxf6 26. Qxe8+ Kh7 27. Nc4
Qc7 28. cxd4 Bxc4 0-1

[Event "First Saturday 2008 augusztus IM-A"]
[Site "Budapest"]
[Date "2008.08.07"]
[Round "6"]
[White "Humphrey, Jonathan"]
[Black "Werner, Dimo"]
[Result "0-1"]
[WhiteElo "2289"]
[BlackElo "2329"]
[PlyCount "56"]
[EventDate "2008.08.02"]

1. e4 c6 2. d4 g6 3. Nc3 d5 4. Nf3 Bg7 5. Be3 Nf6 6. e5 Ng4 7. Bf4 h5 8. Bd3
Na6 9. O-O Nc7 10. Ne2 Nh6 11. Ng3 Bg4 12. h3 Bxf3 13. Qxf3 e6 14. Qe3 Nf5 15.
Nxf5 exf5 16. Qd2 Ne6 17. Be3 a5 18. c4 dxc4 19. Bxc4 f4 20. Bxf4 Qxd4 21. Qxd4
Nxd4 22. Rad1 c5 23. a4 O-O 24. Rfe1 Rfe8 25. Bd5 Rad8 26. Bxb7 Ne2+ 27. Rxe2
Rxd1+ 28. Kh2 g5 0-1

[Event "First Saturday 2008 augusztus IM-A"]
[Site "Budapest"]
[Date "2008.08.07"]
[Round "6"]
[White "Szeberenyi, Adam"]
[Black "Szalanczy, Emil"]
[Result "1-0"]
[WhiteElo "2318"]
[BlackElo "2388"]
[PlyCount "71"]
[EventDate "2008.08.02"]

1. d4 c5 2. d5 e6 3. e4 d6 4. Nc3 exd5 5. exd5 Nf6 6. Nf3 Be7 7. Be2 O-O 8. O-O
Na6 9. Re1 Re8 10. Bg5 h6 11. Bh4 g5 12. Bg3 Bf5 13. Bd3 Qd7 14. Bxf5 Qxf5 15.
Qd2 Bf8 16. a3 Nc7 17. Rxe8 Rxe8 18. Rd1 b6 19. h3 a6 20. Qd3 Qxd3 21. Rxd3 b5
22. Kf1 Ne4 23. Nxe4 Rxe4 24. Nd2 Re8 25. b3 f5 26. f4 Kf7 27. fxg5 hxg5 28. h4
g4 29. c4 Rb8 30. b4 bxc4 31. Nxc4 cxb4 32. Bxd6 bxa3 33. Bxa3 Bxa3 34. Nxa3
Ne8 35. d6 Nf6 36. Nc4 1-0

[Event "First Saturday 2008 augusztus IM-A"]
[Site "Budapest"]
[Date "2008.08.07"]
[Round "6"]
[White "Strunski, Andreas"]
[Black "Torma, Robert"]
[Result "1/2-1/2"]
[WhiteElo "2294"]
[BlackElo "2347"]
[PlyCount "80"]
[EventDate "2008.08.02"]

1. d4 f5 2. c4 Nf6 3. Nc3 d6 4. Nf3 g6 5. g3 Bg7 6. Bg2 O-O 7. O-O Qe8 8. d5
Na6 9. Rb1 Nc5 10. Nd4 a5 11. Ncb5 Qd8 12. b3 Bd7 13. a3 Qc8 14. b4 axb4 15.
axb4 Na6 16. Nc3 Rb8 17. Na4 Ne4 18. b5 Nac5 19. Bxe4 fxe4 20. Nxc5 dxc5 21.
Nb3 Bh3 22. Re1 Qf5 23. Be3 b6 24. Qc2 Ra8 25. Nd2 Ra3 26. Nxe4 Rc3 27. Qxc3
Bxc3 28. Nxc3 Qg4 29. Bh6 Rxf2 30. Ra1 Rf8 31. Bxf8 Kxf8 32. Rf1+ Bxf1 33.
Rxf1+ Ke8 34. Rf4 Qg5 35. Ne4 Qe5 36. Nf2 Qxe2 37. Re4 Qc2 38. g4 g5 39. h3 Qc3
40. Kf1 Qa1+ 1/2-1/2

[Event "First Saturday 2008 augusztus IM-A"]
[Site "Budapest"]
[Date "2008.08.08"]
[Round "7"]
[White "Werner, Dimo"]
[Black "Szeberenyi, Adam"]
[Result "1/2-1/2"]
[WhiteElo "2329"]
[BlackElo "2318"]
[PlyCount "30"]
[EventDate "2008.08.02"]

1. d4 d5 2. c4 e6 3. Nf3 c6 4. e3 f5 5. Be2 Nf6 6. O-O Bd6 7. b3 Qe7 8. Bb2 O-O
9. Qc1 Bd7 10. Ba3 Bxa3 11. Qxa3 Qxa3 12. Nxa3 Ne4 13. Rac1 Be8 14. Ne5 Nd7 15.
Nxd7 Bxd7 1/2-1/2

[Event "First Saturday 2008 augusztus IM-A"]
[Site "Budapest"]
[Date "2008.08.08"]
[Round "7"]
[White "Adams, Nick A"]
[Black "Beck, Frederik"]
[Result "1/2-1/2"]
[WhiteElo "2222"]
[BlackElo "2335"]
[PlyCount "53"]
[EventDate "2008.08.02"]

1. c4 g6 2. Nc3 Bg7 3. g3 c5 4. Bg2 d6 5. e4 Nc6 6. Nge2 e6 7. d3 Nge7 8. a3
O-O 9. Rb1 b6 10. b4 Bb7 11. O-O Qd7 12. Be3 Nd4 13. f4 Rad8 14. Bf2 f5 15. h3
Nxe2+ 16. Nxe2 Qc8 17. bxc5 dxc5 18. e5 Bxg2 19. Kxg2 Qc6+ 20. Kh2 Rd7 21. Nc1
Rfd8 22. a4 g5 23. a5 Ng6 24. Be3 Kh8 25. axb6 gxf4 26. gxf4 Nh4 27. Rb2
1/2-1/2

[Event "First Saturday 2008 augusztus IM-A"]
[Site "Budapest"]
[Date "2008.08.09"]
[Round "8"]
[White "Hujbert, Florian"]
[Black "Adams, Nick A"]
[Result "1/2-1/2"]
[WhiteElo "2258"]
[BlackElo "2222"]
[PlyCount "23"]
[EventDate "2008.08.02"]

1. Nf3 d5 2. b3 c5 3. Bb2 Nc6 4. e3 e6 5. Bb5 f6 6. O-O Bd6 7. d4 Nge7 8. c4 a6
9. Bxc6+ bxc6 10. Nbd2 cxd4 11. exd4 O-O 12. Qc1 1/2-1/2

[Event "First Saturday 2008 augusztus IM-A"]
[Site "Budapest"]
[Date "2008.08.09"]
[Round "8"]
[White "Humphrey, Jonathan"]
[Black "Miltner, Arndt"]
[Result "1/2-1/2"]
[WhiteElo "2289"]
[BlackElo "2354"]
[PlyCount "56"]
[EventDate "2008.08.02"]

1. e4 c5 2. Nf3 Nf6 3. Nc3 Nc6 4. d4 d5 5. exd5 Nxd5 6. dxc5 Nxc3 7. Qxd8+ Nxd8
8. bxc3 Bd7 9. Be3 g6 10. Bd4 f6 11. Bc4 e5 12. Nxe5 Be6 13. Bb5+ Ke7 14. Nd3
Bh6 15. O-O Nc6 16. Bxc6 bxc6 17. Rfb1 Rhd8 18. Rb7+ Rd7 19. Rxd7+ Bxd7 20.
Re1+ Kf7 21. Rb1 Bc8 22. f3 Bf8 23. Nf2 Be7 24. Ne4 Ba6 25. g4 h5 26. h3 Rd8
27. Rb4 Bb5 28. Rb1 a5 1/2-1/2

[Event "First Saturday 2008 augusztus IM-A"]
[Site "Budapest"]
[Date "2008.08.09"]
[Round "8"]
[White "Szeberenyi, Adam"]
[Black "Lorand, Norbert"]
[Result "1/2-1/2"]
[WhiteElo "2318"]
[BlackElo "2273"]
[PlyCount "33"]
[EventDate "2008.08.02"]

1. Nf3 Nf6 2. c4 g6 3. Nc3 Bg7 4. g3 O-O 5. Bg2 d6 6. O-O Nbd7 7. d3 e5 8. Bd2
c6 9. Qc1 Re8 10. Bh6 Bh8 11. Bg5 Qb6 12. Nd2 Nc5 13. Be3 Qc7 14. Bxc5 dxc5 15.
Nde4 Nxe4 16. Nxe4 b6 17. Qg5 1/2-1/2

[Event "First Saturday 2008 augusztus IM-A"]
[Site "Budapest"]
[Date "2008.08.09"]
[Round "8"]
[White "Strunski, Andreas"]
[Black "Werner, Dimo"]
[Result "1-0"]
[WhiteElo "2294"]
[BlackElo "2329"]
[PlyCount "103"]
[EventDate "2008.08.02"]

1. d4 Nf6 2. c4 c5 3. d5 b5 4. cxb5 a6 5. bxa6 Bxa6 6. Nc3 d6 7. Nf3 g6 8. e4
Bxf1 9. Kxf1 Bg7 10. g3 O-O 11. Kg2 Nbd7 12. Re1 Ra6 13. h3 Qa8 14. Bg5 Rb8 15.
Qc2 h6 16. Bd2 Ne8 17. Rab1 Nc7 18. a4 e6 19. dxe6 Nxe6 20. b3 Nf6 21. Qd3 Rd8
22. Kh2 Kh7 23. Nd5 Nxd5 24. Qxd5 Qxd5 25. exd5 Nc7 26. Re7 Nxd5 27. Rxf7 Rb8
28. Rd7 c4 29. Nd4 Kg8 30. Nb5 cxb3 31. Rxb3 Nf6 32. Re7 Rxa4 33. Bc3 Nh5 34.
g4 Bxc3 35. Rxc3 Ng7 36. Nxd6 Rd4 37. Rcc7 Rxd6 38. Rxg7+ Kh8 39. Rh7+ Kg8 40.
Rxh6 Rb2 41. Rhh7 Rxf2+ 42. Kg3 Rff6 43. Kh4 Rd5 44. Rcg7+ Kf8 45. Ra7 Kg8 46.
Rhc7 Rb5 47. Rc8+ Rf8 48. Rc6 g5+ 49. Kh5 Rf7 50. Rg6+ Kf8 51. Rxf7+ Kxf7 52.
Rxg5 1-0

[Event "First Saturday 2008 augusztus IM-A"]
[Site "Budapest"]
[Date "2008.08.09"]
[Round "8"]
[White "Torma, Robert"]
[Black "Szalanczy, Emil"]
[Result "1-0"]
[WhiteElo "2347"]
[BlackElo "2388"]
[PlyCount "61"]
[EventDate "2008.08.02"]

1. e4 c5 2. c3 d6 3. d4 Nf6 4. Bd3 g6 5. dxc5 dxc5 6. e5 c4 7. Qa4+ Bd7 8. Qxc4
Ng4 9. f4 Qb6 10. Qd4 Qxd4 11. cxd4 Nc6 12. Nc3 Nxd4 13. Nge2 Nc6 14. h3 Nh6
15. g4 O-O-O 16. Bc4 Nb4 17. O-O Bc6 18. a3 Nc2 19. Ra2 a6 20. b3 b5 21. Bxb5
axb5 22. Rxc2 Kb7 23. Be3 Rd3 24. Kf2 e6 25. Nd4 Rxd4 26. Bxd4 Bxa3 27. Ra1 b4
28. Nb1 Rd8 29. Ke3 Ng8 30. Nxa3 Ne7 31. Nc4 1-0

[Event "First Saturday 2008 augusztus IM-A"]
[Site "Budapest"]
[Date "2008.08.10"]
[Round "9"]
[White "Werner, Dimo"]
[Black "Torma, Robert"]
[Result "1/2-1/2"]
[WhiteElo "2329"]
[BlackElo "2347"]
[PlyCount "59"]
[EventDate "2008.08.02"]

1. d4 f5 2. c4 Nf6 3. Nc3 d6 4. Bg5 Nbd7 5. Qc2 e6 6. g4 fxg4 7. h3 g3 8. fxg3
Be7 9. g4 e5 10. e3 exd4 11. exd4 Nxg4 12. hxg4 Bxg5 13. Nf3 Nf8 14. Qe4+ Be7
15. O-O-O Qd7 16. Re1 c6 17. c5 d5 18. Qe5 Ne6 19. Bd3 Bf6 20. Qh5+ g6 21. Qh2
Qf7 22. Ne5 Bxe5 23. Qxe5 O-O 24. Ref1 Qg7 25. Rxf8+ Nxf8 26. Qe8 Qf7 27. Qd8
Qd7 28. Qf6 Qe6 29. Qd8 Qd7 30. Qf6 1/2-1/2

[Event "First Saturday 2008 augusztus IM-A"]
[Site "Budapest"]
[Date "2008.08.10"]
[Round "9"]
[White "Miltner, Arndt"]
[Black "Szeberenyi, Adam"]
[Result "1/2-1/2"]
[WhiteElo "2354"]
[BlackElo "2318"]
[PlyCount "33"]
[EventDate "2008.08.02"]

1. e4 c5 2. c3 d5 3. exd5 Qxd5 4. Nf3 Nc6 5. Na3 Bg4 6. Be2 e6 7. O-O Nf6 8.
Qa4 Qe4 9. Qxe4 Nxe4 10. Re1 Nd6 11. d3 Be7 12. Be3 Nf5 13. Bf4 Bd6 14. Bxd6
Nxd6 15. Rad1 O-O-O 16. Nc2 e5 17. d4 1/2-1/2

[Event "First Saturday 2008 augusztus IM-A"]
[Site "Budapest"]
[Date "2008.08.10"]
[Round "9"]
[White "Adams, Nick A"]
[Black "Humphrey, Jonathan"]
[Result "1/2-1/2"]
[WhiteElo "2222"]
[BlackElo "2289"]
[PlyCount "40"]
[EventDate "2008.08.02"]

1. c4 Nf6 2. Nc3 e5 3. g3 d5 4. cxd5 Nxd5 5. Bg2 Nb6 6. Nf3 Nc6 7. O-O Be7 8.
a3 a5 9. d3 Be6 10. b3 O-O 11. Bb2 f6 12. Rc1 Rf7 13. Ne4 Qf8 14. Ra1 h6 15.
Qc2 f5 16. Ned2 Bf6 17. Nc4 Nd7 18. Nfd2 Ra6 19. Rac1 Nd8 20. Nf3 Nc6 1/2-1/2

[Event "First Saturday 2008 augusztus IM-A"]
[Site "Budapest"]
[Date "2008.08.11"]
[Round "10"]
[White "Szeberenyi, Adam"]
[Black "Adams, Nick A"]
[Result "1/2-1/2"]
[WhiteElo "2318"]
[BlackElo "2222"]
[PlyCount "20"]
[EventDate "2008.08.02"]

1. d4 d5 2. c4 e6 3. Nf3 c5 4. cxd5 exd5 5. Nc3 Nc6 6. Bg5 Be7 7. Bxe7 Ngxe7 8.
dxc5 d4 9. Ne4 O-O 10. e3 Qa5+ 1/2-1/2

[Event "First Saturday 2008 augusztus IM-A"]
[Site "Budapest"]
[Date "2008.08.11"]
[Round "10"]
[White "Strunski, Andreas"]
[Black "Miltner, Arndt"]
[Result "0-1"]
[WhiteElo "2294"]
[BlackElo "2354"]
[PlyCount "54"]
[EventDate "2008.08.02"]

1. d4 d5 2. c4 e6 3. Nc3 c6 4. Nf3 dxc4 5. a4 Bb4 6. e3 b5 7. Bd2 Qb6 8. Be2
Nf6 9. O-O a5 10. Ne5 Bb7 11. Bf3 Nbd7 12. Nxd7 Nxd7 13. Ne4 Be7 14. Qe1 b4 15.
Be2 c5 16. dxc5 Bxc5 17. Nxc5 Qxc5 18. Rc1 Ne5 19. f4 Qd5 20. e4 Qxe4 21. Qg3
Qxe2 22. Rf2 Qg4 23. fxe5 Qxg3 24. hxg3 Bd5 25. Be3 O-O 26. Rcf1 Be4 27. Rf4
Bg6 0-1

[Event "First Saturday 2008 augusztus IM-A"]
[Site "Budapest"]
[Date "2008.08.11"]
[Round "10"]
[White "Torma, Robert"]
[Black "Lorand, Norbert"]
[Result "1-0"]
[WhiteElo "2347"]
[BlackElo "2273"]
[PlyCount "91"]
[EventDate "2008.08.02"]

1. e4 c5 2. c3 g6 3. d4 cxd4 4. cxd4 d5 5. e5 Nc6 6. h3 Bg7 7. Nf3 f6 8. exf6
exf6 9. Bb5 Nge7 10. O-O O-O 11. Nc3 Be6 12. Re1 Bf7 13. Qb3 Nf5 14. Bxc6 bxc6
15. Na4 Rb8 16. Qc3 Qd6 17. g4 Nh6 18. Qc5 Qd7 19. Re7 Qc8 20. Bf4 Rb5 21. Qc3
g5 22. Bh2 Rb7 23. Rae1 Bg6 24. Nc5 Rxe7 25. Rxe7 Rf7 26. Qe3 Rxe7 27. Qxe7
Nxg4 28. hxg4 Qxg4+ 29. Bg3 h5 30. Qe6+ Qxe6 31. Nxe6 Bh6 32. Bb8 a6 33. Nc5
Bb1 34. a4 g4 35. Ne1 h4 36. Nxa6 Bd2 37. Ng2 h3 38. Ne3 f5 39. Nc5 Kf7 40. Bc7
Kg6 41. a5 g3 42. a6 h2+ 43. Kh1 f4 44. Bxf4 gxf2 45. Nf1 Bxf4 46. a7 1-0

[Event "First Saturday 2008 augusztus IM-A"]
[Site "Budapest"]
[Date "2008.08.11"]
[Round "10"]
[White "Szalanczy, Emil"]
[Black "Werner, Dimo"]
[Result "1/2-1/2"]
[WhiteElo "2388"]
[BlackElo "2329"]
[PlyCount "94"]
[EventDate "2008.08.02"]

1. e4 e6 2. d4 d5 3. Nc3 Nf6 4. e5 Nfd7 5. f4 c5 6. Nf3 Nc6 7. Be3 a6 8. Qd2
cxd4 9. Nxd4 Bc5 10. O-O-O Bxd4 11. Bxd4 b5 12. Kb1 O-O 13. Qe3 b4 14. Na4 a5
15. Bd3 Nxd4 16. Qxd4 Ba6 17. b3 Qc7 18. Rhe1 Rfc8 19. Rc1 Nc5 20. Nxc5 Qxc5
21. Qxc5 Rxc5 22. Kb2 Bxd3 23. cxd3 Rac8 24. Rxc5 Rxc5 25. Ra1 d4 26. a3 bxa3+
27. Rxa3 g5 28. g3 gxf4 29. gxf4 Kg7 30. Ra4 Rd5 31. Rc4 Rd7 32. Rc6 Rb7 33.
Ka3 Kg6 34. Rd6 Rb4 35. Rd7 h5 36. h4 f6 37. exf6 Kxf6 38. Rh7 Kg6 39. Rh8 Rb7
40. Rd8 Kf5 41. Rxd4 Kg4 42. Re4 Rd7 43. d4 Rd6 44. Ka4 Rd5 45. Rxe6 Kxh4 46.
Rg6 Rxd4+ 47. Kxa5 Rxf4 1/2-1/2